[Event "Medellin op 2nd"]
[Site "Medellin"]
[Date "2019.05.11"]
[Round "6.3"]
[White "Care Garcia, Jose Joaquin"]
[Black "Castillo Perez, Jaider Enrique"]
[Result "1-0"]
[WhiteElo "1651"]
[BlackElo "1765"]
[PlyCount "33"]
[EventDate "2019.05.08"]
[EventType "swiss"]
[EventRounds "6"]
[EventCountry "COL"]
[SourceTitle "EXT 2024"]
[Source "ChessBase"]
[SourceDate "2023.10.10"]
[SourceVersion "1"]
[SourceVersionDate "2023.10.10"]
[SourceQuality "1"]

1. e4 d5 2. exd5 Qxd5 3. Nf3 Bf5 4. Nc3 Qa5 5. Bc4 Nd7 6. 0-0 Ngf6 7. Re1 e6 8. d3 c6 9. a3 Qc7 10. b4 Be7 11. Bb2 Bg4 12. h3 Bh5 13. Qe2 0-0 14. g4 Bg6 15. Ng5 e5 16. Nce4 Nd5 17. Nf3 1-0